书目信息 |
| 题名: |
默多克传
|
|
| 作者: | 威廉·肖克罗斯 著 | |
| 分册: | ||
| 出版信息: | 北京 世界知识出版社 2001.09 |
|
| 页数: | 319页 | |
| 开本: | 22cm | |
| 丛书名: | ||
| 单 册: | ||
| 中图分类: | K837.125.42 | |
| 科图分类: | K837.125.42 | |
| 主题词: | 默克多-传记 , 地理 | |
| 电子资源: | ||
| ISBN: | 7-5012-1628-2 | |
| 000 | 00658nam0 2200229 450 | |
| 001 | 0631730874 | |
| 005 | 20061011100228.75 | |
| 010 | @a7-5012-1628-2@dCNY 28.00 | |
| 100 | @a20060825d2001 km y0chiy0120 ea | |
| 101 | 0 | @achi |
| 102 | @aCN@b110000 | |
| 200 | 1 | @a默多克传@Amo duo ke chuan@d=MURDOCH@f威廉·肖克罗斯著@Fwei lian·xiao ke luo si zhu |
| 210 | @a北京@c世界知识出版社@d2001.09 | |
| 215 | @a319页@d22cm | |
| 510 | @aMURDOCH | |
| 606 | 0 | @a默克多-传记 |
| 606 | 0 | @a地理 |
| 690 | @aK837.125.42@v4 | |
| 692 | @aK837.125.42 | |
| 701 | 0 | @a威廉·肖克罗斯@Awei lian·xiao ke luo si@4著 |
| 801 | 0 | @aCN@c20061011 |
| 905 | @apdsgxy@dK837.125.42@eW498 | |
| 默多克传=MURDOCH/威廉·肖克罗斯著.-北京:世界知识出版社,2001.09 |
| 319页;22cm |
| ←并列题名:MURDOCH |
| ISBN 7-5012-1628-2:CNY 28.00 |
| ● |
| 相关链接 |
|
|
|
正题名:默多克传
索取号:K837.125.42/W498
 
预约/预借
| 序号 | 登录号 | 条形码 | 馆藏地/架位号 | 状态 | 备注 |
| 1 | 609711 | 206097114 | 社科库309/309社科库 4排3列3层/ [索取号:K837.125.42/W498] | 在馆 | |
| 2 | 609712 | 206097123 | 社科库309/309社科库 4排3列3层/ [索取号:K837.125.42/W498] | 在馆 | |
| 3 | 609713 | 206097132 | 社科库309/ [索取号:K837.125.42/W498] | 在馆 |